000 00657nam a2200205Ii 4500
003 JO-AjNU
008 230605s9999||||xx |||||||||||||| ||und||
040 _aJO-AjNU
_bara
_erda
_cJO-AjNU
041 _aara
050 1 4 _aGV361.F3745 1983
100 3 _aاعداد فرج، عنايات محمد أحمد,
_eauthor
_917721
245 0 0 _aمناهج وطرق التدريس: التربية الرياضية
250 _a ط1
264 3 1 _aد.م: د.ن، 1983
300 _a216ص
336 _atext
_btxt
_2rdacontent
337 _aunmediated
_bn
_2rdamedia
338 _avolume
_bnc
_2rdacarrier
650 4 _aالتربية البدنية- تدريس
_917722
999 _aA5535
_c9103
_d9103